| 000 | 01585nam a2200409 a 4500 | ||
|---|---|---|---|
| 003 | CHAP | ||
| 005 | 20230608062647.0 | ||
| 008 | 070626d2007 mx 00010 spa d | ||
| 010 | _a93792 | ||
| 011 | _a94764 | ||
| 020 | _a9680202895 | ||
| 035 | _a105361 | ||
| 040 | _cCHAP | ||
| 090 | _aCD-254 | ||
| 111 | 2 |
_aForo Nacional Agenda del Desarrollo 2006-2020 Políticas de Desarrollo Agropecuario, Forestal y Pesquero _d(2006 : _cChapingo, Méx.) _942478 |
|
| 245 | 1 | 0 |
_aMemoria (disco compacto) _c/coord. por Rita Schwentesius Rindermann |
| 250 | _a2 ed. | ||
| 260 |
_aChapingo, Méx. : _bUACH. Centro de Investigaciones Económicas, Sociales y Tecnológicas de la Agroindustria y de la Agricultura Mundial. Centro de Investigaciones y Posgrado, _c2007. |
||
| 300 |
_a1 disco compacto _c4 3/4 plgs. |
||
| 590 |
_aBATCH-UPD _b10 _c20130110 _lUCH01 _h0514 |
||
| 590 |
_aBATCH-UPD _b10 _c20130410 _lUCH01 _h0153 |
||
| 590 |
_aBATCH-UPD _b10 _c20130914 _lUCH01 _h1201 |
||
| 590 |
_aCONVERSION _b10 _c20130109 _lUCH01 _h1352 |
||
| 650 | 1 | 4 |
_aDesarrollo forestal. _932059 |
| 650 | 1 | 4 |
_aDesarrollo pesquero. _932064 |
| 650 | 1 | 4 |
_aPolítica agrícola. _990283 |
| 650 | 1 | 4 |
_aPolítica forestal. _990563 |
| 650 | 1 | 4 |
_aPolítica ganadera. _990617 |
| 650 | 1 | 4 |
_aPolítica pesquera. _990684 |
| 700 | 1 |
_aSchwentesius Rindermann, Rita _e, coord. _9103302 |
|
| 901 | _aBK | ||
| 905 | _aMarco A. Mendoza T. | ||
| 911 | _aCustodia | ||
| 942 | _cCD | ||
| 949 |
_aCD-254 _bBC _cCD _d33724002034149 _eCD _gDonaciØn _i105361 _sb |
||
| 949 |
_aCD-254 _bBC _cCD _d33724002034157 _eCD _fc.2 _gDonaciØn _i105361 _sb |
||
| 999 |
_c93792 _d93792 |
||